Los trabajadores del mundo a fines del siglo XX /

שמור ב:
מידע ביבליוגרפי
מחבר ראשי: Arrighi, Giovanni
פורמט: Texto
נושאים:
תגים: הוספת תג
אין תגיות, היה/י הראשונ/ה לתייג את הרשומה!

MARC

LEADER 00000 a a2200000 04500
001 18492
003
040
100 |a Arrighi, Giovanni  
245 |a Los trabajadores del mundo a fines del siglo XX /  |c Giovanni Arrighi 
500 |a Tomado de Review, volumen XIX, n. 3 verano 1996  
650 |a MOVIMIENTOS OBREROS  
650 |a CAPITALISMO  
650 |a COMUNISMO  
650 |a CAMBIO ORGANIZACIONAL  
773 |g número 96; páginas 115-133  
999 |c 38390  |d 38390